| 000 | 00456cam a2200181ua 4500 | ||
|---|---|---|---|
| 020 | _cRs 6.00 | ||
| 041 |
_ahin _h |
||
| 082 |
_a891.54 _bVRI/BI |
||
| 100 | _aVrindavan Lal, Varma . | ||
| 245 |
_aBirata ki panchimi / _cVrindavan Lal Varma. _hTextual Documents |
||
| 250 |
_a1 / _b. |
||
| 260 |
_aIndia : _bGanga pustakamala karyalay , _c1997. |
||
| 300 | _a384 ; . | ||
| 365 | _aRs 6.00 | ||
| 504 | _a | ||
| 942 | _cBK | ||
| 999 |
_c3570 _d3570 |
||